[Event "Helsingor Xtracon op"]
[Site "Helsingor"]
[Date "2017.07.30"]
[Round "10"]
[White "Pankaj, Sindhu"]
[Black "Roder, Peter Ulrik"]
[Result "1/2-1/2"]
[WhiteElo "1837"]
[BlackElo "2048"]
[PlyCount "68"]
[EventDate "2017.07.22"]
[EventType "swiss"]
[EventRounds "10"]
[EventCountry "DEN"]
[SourceTitle "CBM 179 Extra"]
[Source "ChessBase"]
[SourceDate "2017.08.23"]
[SourceVersion "1"]
[SourceVersionDate "2017.08.23"]
[SourceQuality "1"]

1. d4 d5 2. c4 e6 3. Nc3 Nf6 4. cxd5 exd5 5. Bg5 Be7 6. e3 0-0 7. Bd3 c6 8. Nge2 Nbd7 9. 0-0 Re8 10. Qc2 Nf8 11. f3 Nh5 12. Bxe7 Qxe7 13. e4 dxe4 14. fxe4 Nf6 15. h3 Ng6 16. Rf2 Be6 17. Raf1 Rad8 18. a3 Rf8 19. Qc1 Bc8 20. Bb1 b6 21. e5 Nd5 22. Ne4 c5 23. Ng5 f6 24. exf6 gxf6 25. Ne4 f5 26. N4g3 Ne3 27. Re1 cxd4 28. Nxd4 Rxd4 29. Rxe3 Rd1+ 30. Qxd1 Qxe3 31. Ba2+ Be6 32. Bxe6+ Qxe6 33. Qe2 Qxe2 34. Nxe2 Re8 1/2-1/2

[Event "Helsingor Xtracon op"]
[Site "Helsingor"]
[Date "2017.07.23"]
[Round "2"]
[White "Pankaj, Sindhu"]
[Black "Matthiesen, Martin"]
[Result "1-0"]
[WhiteElo "1837"]
[BlackElo "2349"]
[PlyCount "93"]
[EventDate "2017.07.22"]
[EventType "swiss"]
[EventRounds "10"]
[EventCountry "DEN"]
[SourceTitle "CBM 179 Extra"]
[Source "ChessBase"]
[SourceDate "2017.08.23"]
[SourceVersion "1"]
[SourceVersionDate "2017.08.23"]
[SourceQuality "1"]

1. d4 Nf6 2. c4 g6 3. f3 Bg7 4. e4 d6 5. Nc3 0-0 6. Be3 Nc6 7. Nge2 a6 8. Qd2 Rb8 9. Rc1 Bd7 10. Nd1 e6 11. Nf2 Ne8 12. d5 Ne7 13. Nc3 f5 14. Bd3 e5 15. Bg5 f4 16. b4 h6 17. Bxe7 Qxe7 18. a4 Nf6 19. Qa2 Kh8 20. Nb1 c5 21. bxc5 dxc5 22. a5 Rfc8 23. Nd2 Ne8 24. Rb1 Nd6 25. Rb6 Qf8 26. Be2 Bf6 27. Qb2 Kh7 28. Nd3 Bh4+ 29. Kf1 Bf6 30. Kf2 Qe7 31. Rb1 g5 32. Qa3 Rc7 33. Rxa6 bxa6 34. Rxb8 Nb7 35. Qb2 Nd6 36. Qb6 Ba4 37. Nxc5 Nxc4 38. Nxc4 Qxc5+ 39. Qxc5 Rxc5 40. d6 Kg6 41. Nb6 Rxa5 42. d7 Bb5 43. Nd5 Bxd7 44. Rb6 Ra2 45. Nxf6 Bb5 46. Nd5+ Kf7 47. Nc3 1-0

[Event "Sonipat Prakash Singh Memorial 1st"]
[Site "Sonipat"]
[Date "2017.04.18"]
[Round "3"]
[White "Hemant, Sharma"]
[Black "Pankaj, Sindhu"]
[Result "1-0"]
[WhiteElo "2375"]
[BlackElo "1819"]
[PlyCount "103"]
[EventDate "2017.04.17"]
[EventType "swiss"]
[EventRounds "10"]
[EventCountry "IND"]
[SourceTitle "CBM 177 Extra"]
[Source "ChessBase"]
[SourceDate "2017.04.27"]
[SourceVersion "1"]
[SourceVersionDate "2017.04.27"]
[SourceQuality "1"]

1. Nf3 d5 2. g3 Nf6 3. Bg2 c5 4. 0-0 Nc6 5. c4 d4 6. d3 e5 7. e3 Be7 8. exd4 exd4 9. Bf4 0-0 10. Ne5 Nxe5 11. Bxe5 Bd6 12. Bxf6 Qxf6 13. Nd2 Rb8 14. Re1 Bf5 15. Be4 Be6 16. f4 Bc7 17. Qh5 g6 18. Qxc5 Rfc8 19. Qa3 h5 20. Nf3 Bg4 21. Ne5 Be6 22. Nf3 Bg4 23. Ng5 Bd6 24. b4 h4 25. c5 Bc7 26. Bd5 Rf8 27. Qb2 Kg7 28. Ne4 Qd8 29. Qxd4+ f6 30. Qc4 hxg3 31. hxg3 Rh8 32. Nf2 Bf5 33. Re3 Qd7 34. Rae1 Rbe8 35. Be6 Bxe6 36. Rxe6 Rxe6 37. Qxe6 Qxe6 38. Rxe6 Kf7 39. Re4 g5 40. Kg2 Rg8 41. f5 Rd8 42. d4 Rd5 43. g4 a5 44. a3 axb4 45. axb4 Bf4 46. Nd3 Bd2 47. Kf3 Bc3 48. Ke3 Rd8 49. b5 Rd5 50. Nc1 b6 51. c6 Rxb5 52. c7 1-0